| 000 | 00583nam a2200229Ia 4500 | ||
|---|---|---|---|
| 008 | 210210b1919 xxu||||| |||| 00| 0 eng d | ||
| 041 | _aeng | ||
| 082 | _a954/721 | ||
| 100 | _aRANGACHARYA (V) | ||
| 245 | _aTopographical list of the inscriptions of the Madras presidency Vol III | ||
| 260 |
_aMadras _bSuperintendent Government Printing _c1919 |
||
| 300 | _a2070 | ||
| 650 | _aVol | ||
| 650 | _aTopographical | ||
| 650 | _apresidency | ||
| 650 | _aMadras | ||
| 650 | _alist | ||
| 650 | _ainscriptions | ||
| 650 | _aIII | ||
| 690 | _aIndian History | ||
| 906 | _a002221 | ||
| 999 |
_c121160 _d121160 |
||